Globalizacin̤, mercados y el futuro de las pesquera̕s
Este trabajo presenta una breve reflexin̤ acerca de la situacin̤ de deterioro de la pesca de captura y las tendencias de consumo de los productos pesqueros. Considera algunos de los principales aspectos que caracterizan los mercados de estos productos a nivel global, entre ellos la expansin̤ de los...
Uloženo v:
| Další autoři: | , |
|---|---|
| Médium: | Kniha |
| Jazyk: | španělština |
| Témata: | |
| On-line přístup: | Globalizacin̤, mercados y el futuro de las pesquera̕s |
| Tagy: |
Přidat tag
Žádné tagy, Buďte první, kdo vytvoří štítek k tomuto záznamu!
|
MARC
| LEADER | 00000nam a22000004a 4500 | ||
|---|---|---|---|
| 001 | vpro13693 | ||
| 005 | 20201223000000.0 | ||
| 008 | 180723s2018 ck # g## #001 0#spa#d | ||
| 020 | |a 0121-7607 (versin̤ impresa) ; 2346-2876 (versin̤ online) | ||
| 022 | |||
| 040 | |a CO-BoINGC | ||
| 041 | 0 | |a spa | |
| 245 | 1 | 0 | |a Globalizacin̤, mercados y el futuro de las pesquera̕s |
| 246 | |a Globalization, markets and the future of fisheries | ||
| 264 | |a Bogot ̀(Colombia) : |b Revista VirtualPRO, |c 2018 | ||
| 520 | 3 | |a Este trabajo presenta una breve reflexin̤ acerca de la situacin̤ de deterioro de la pesca de captura y las tendencias de consumo de los productos pesqueros. Considera algunos de los principales aspectos que caracterizan los mercados de estos productos a nivel global, entre ellos la expansin̤ de los mercados pesqueros y el aumento del consumo, resultado de las innovaciones tecnolg̤icas y la mejora enlos canales de distribucin̤, lo cual est ̀teniendo impactos negativos en la pesca de captura y causa una crisis de abastecimiento de este tipo de productos pesqueros. Crisis que de acuerdo con algunos cientf̕icos pesqueros, de continuar las mismas tendencias, existe el riesgo de un colapso global de pesquera̕s. | |
| 650 | \ | \ | |a Pesca |
| 650 | \ | \ | |a Desarrollo sostenible |
| 650 | \ | \ | |a Sostenibilidad |
| 650 | \ | \ | |a Mercados |
| 650 | \ | \ | |a Fishing |
| 650 | \ | \ | |a Sustainable development |
| 650 | \ | \ | |a Sustainability |
| 650 | \ | \ | |a Markets |
| 650 | \ | \ | |a Consumo |
| 650 | \ | \ | |a Globalizacin̤ |
| 650 | \ | \ | |a Consumption |
| 650 | \ | \ | |a Globalization |
| 700 | \ | \ | |a Pedroza-Gutiřrez Carmen |
| 700 | \ | \ | |a Pontificia Universidad Javeriana. |
| 856 | |z Globalizacin̤, mercados y el futuro de las pesquera̕s |u https://virtualpro.unach.elogim.com/biblioteca/globalizacion-mercados-y-el-futuro-de-las-pesquerias | ||